000 00446nam a2200169Ia 4500
005 20250508160409.0
008 008 250505s9999 xx 000 0 hin d
020 _a81-250-0422-X
037 _aReference
040 _aFEDL
_beng
_cFEDL
041 _ahin
_2eng
084 _a491.4332, BAH
_qFEDL
100 _aBahari Hardev
245 0 _aAngreji hindi kosh Vol. 1
942 _cREF
_h491.4332, BAH
999 _c1364354
_d1364354